00647nam a2200169Ia 4500020002200000040000800022082002600030245022400056260004800280300003100328650001100359650002800370650001600398700002700414700001900441700001700460 a1566761247 (pbk.) cTBZ a628 TEC 1994 A040 Or.10aChemical oxidation--technologies for the nineties :bproceedings of the Third International Symposium, Chemical Oxidation : Technology for the Nineties, Vanderbilt University, Nashville, Tennessee, February 17,-19, 1993 aLancaster , PA :bTechnomic Pub. Co.,c1994 av, 266 p. :bill. ;c28 cm 0aSewage 0aFactory and trade waste 0aGroundwater1 aEckenfelder, W. Wesley1 aBowers, Alan R1 aRoth, John A